Les stèles de Taharqa à Kawa : paléographie /

محفوظ في:

المؤلف الرئيسي: Lenzo, Giuseppina (مؤلف)

مؤلفون آخرون: Meeks, Dimitri (المدير)

التنسيق: كتاب

اللغة: French

منشور في: Le Caire : Institut français d'archéologie orientale, 2015.

سلاسل: Paléographie hiéroglyphique ; v.7.

الموضوعات:

الوسوم: إضافة وسم

لا توجد وسوم, كن أول من يضع وسما على هذه التسجيلة!

رقم الطلب: (F)PJ1526 .I8 v.7

LEADER 01306nam a22003977a 4500
001 ocn940449651
003 OSt
005 20240220103939.0
008 240220s2015 ua a b 000 0 fre d
999 |c 56912  |d 56912 
020 |a 9782724706765 (hardcover) 
020 |a 2724706765 (hardcover) 
035 |a (OCoLC)940449651 
040 |a MEAUC  |b eng  |c MEAUC  |e rda 
043 |a f-sj--- 
049 |a MAIN 
050 4 |a (F)PJ1526   |b .I8 v.7 
100 1 |a Lenzo, Giuseppina,  |e author. 
245 1 4 |a Les stèles de Taharqa à Kawa :  |b paléographie /  |c Giuseppina Lenzo. 
264 1 |a Le Caire :  |b Institut français d'archéologie orientale,  |c 2015. 
264 |c ©2015. 
300 |a xx, 321 pages :  |b illustrations ;  |c 28 cm. 
336 |a text  |b txt  |2 rdacontent. 
337 |a unmediated  |b n  |2 rdamedia. 
338 |a volume  |b nc  |2 rdacarrier. 
490 1 |a Paléographie hiéroglyphique ;  |v v.7. 
504 |a Includes bibliographical references (pages xvii-xx) 
600 0 0 |a Taharka,  |c King of Egypt. 
650 0 |a Paleography, Egyptian. 
650 0 |a Stele (Archaeology)  |z Sudan  |z Kawwah. 
650 0 |a Stele (Archaeology)  |z Nubia. 
650 0 |a Inscriptions, Egyptian. 
700 1 |a Meeks, Dimitri,  |e director. 
830 0 |a Paléographie hiéroglyphique ;  |v v.7. 
901 |a reviewed 
942 |2 lcc  |c BK